Shrinking the state (Record no. 84807)
[ view plain ]
| 000 -LEADER | |
|---|---|
| fixed length control field | 00780cab a22002055a 4500 |
| 001 - CONTROL NUMBER | |
| control field | L159124 |
| 008 - FIXED-LENGTH DATA ELEMENTS--GENERAL INFORMATION | |
| fixed length control field | 160202e20160118xxk 000 0 eng d |
| 035 ## - SYSTEM CONTROL NUMBER | |
| System control number | (Sirsi) u159124 |
| 041 0# - LANGUAGE CODE | |
| Language code of text/sound track or separate title | eng |
| 100 1# - MAIN ENTRY--PERSONAL NAME | |
| Personal name | Davies, Graeme |
| 245 00 - TITLE STATEMENT | |
| Title | Shrinking the state |
| 260 ## - PUBLICATION, DISTRIBUTION, ETC. | |
| Date of publication, distribution, etc. | 2016 |
| 490 ## - SERIES STATEMENT | |
| Series statement | FM World |
| Volume/sequential designation | 13(1)18 January 2016, 18-22(5) |
| 520 ## - SUMMARY, ETC. | |
| Summary, etc. | As the Government chooses to outsource many of its services as part of its best value cost effectiveness policy warns facilities management providers bidding for contracts that their profit margins could be reduced and could lead to some companies failing to fulfill contracts profitably. |
| 590 ## - LOCAL NOTE (RLIN) | |
| Local note | KA |
| 650 24 - SUBJECT ADDED ENTRY--TOPICAL TERM | |
| Topical term or geographic name entry element | OUTSOURCING |
| 651 #4 - SUBJECT ADDED ENTRY--GEOGRAPHIC NAME | |
| Geographic name | England and Wales |
| Chronological subdivision | 1543- |
| 690 ## - LOCAL SUBJECT ADDED ENTRY--TOPICAL TERM (OCLC, RLIN) | |
| Topical term or geographic name as entry element | Facilities management |
| 9 (RLIN) | 6240 |
| 942 ## - ADDED ENTRY ELEMENTS (KOHA) | |
| Suppress in OPAC | 0 |
| Withdrawn status | Lost status | Source of classification or shelving scheme | Damaged status | Not for loan | Home library | Current library | Shelving location | Date acquired | Total Checkouts | Full call number | Barcode | Date last seen | Copy number | Price effective from | Koha item type |
|---|---|---|---|---|---|---|---|---|---|---|---|---|---|---|---|
| Dewey Decimal Classification | London | London | Journals | 02/02/2016 | L159124 | 159124-1001 | 06/08/2019 | 1 | 06/08/2019 | Journal article |